000 01038nam a22003137a 4500
003 CHAP
005 20220329135043.0
008 971013s1944 r 00010 d
010 _a30182
011 _a31154
035 _a35266
040 _cCHAP
082 _a330.9
_bN38Y
100 0 0 _aNathan, Robert R.
_980291
245 _aCamino de la abundancia
260 _aMéxico, D. F. :
_bFondo de Cultur Económica,
_c1944
300 _a291 p.
590 _aBATCH-UPD
_b10
_c20130110
_lUCH01
_h0102
590 _aBATCH-UPD
_b10
_c20130410
_lUCH01
_h1445
590 _aBATCH-UPD
_b10
_c20130914
_lUCH01
_h1836
590 _aCONVERSION
_b10
_c20130109
_lUCH01
_h1317
650 1 4 _aPolítica económica
_xE.U.A.
_990503
901 _aBK
942 _cLIBRO
949 _a330.9 N38Y
_bBC
_cLIBRO
_d-81430
_eLIBRO
_h2399
_i35266
_si
949 _a330.9 N38Y
_bBC
_cLIBRO
_d-81431
_eLIBRO
_fc.2
_h2400
_i35266
_si
949 _a330.9 N38Y
_bBC
_cLIBRO
_d-81432
_eLIBRO
_fc.3
_h2401
_i35266
_si
949 _a330.9 N38Y
_bBC
_cLIBRO
_d-81433
_eLIBRO
_fc.4
_h2402
_i35266
_si
999 _c30182
_d30182